Misirlou Greek sing lyrics - Statistics

General Stats
  • This quiz has been taken 4 times
  • The average score is 36 of 72
Answer Stats
Answer % Correct
i
100%
I
100%
I
100%
M’
100%
M’
100%
Misirlou
100%
Misirlou
100%
Misirlou
100%
Mou
100%
Mou
100%
Mou
100%
Mou
100%
Sou
100%
Sou
100%
Matia
75%
Mes
75%
Mes
75%
Tha
75%
Ah
50%
Ah
50%
Ah
50%
Ah
50%
Ah
50%
Ah
50%
Ah
50%
Den
50%
Floga
50%
Glikia
50%
Ipofero
50%
Kardia
50%
Magiki
50%
Omorfia
50%
Pia
50%
Rthei
50%
Se
50%
Stin
50%
Ta
50%
Ta
50%
To
50%
To
50%
Trela
50%
Allazei
25%
Ap
25%
Ap
25%
Arapia
25%
Chei
25%
Diko
25%
Dio
25%
Ena
25%
Ena
25%
Filaki
25%
Fili
25%
Habibi
25%
Habibi
25%
Heili
25%
Klepso
25%
Ksotiki
25%
Leleli
25%
Mavromata
25%
Meili
25%
Oime
25%
Oime
25%
Stazoune
25%
Stomataki
25%
Stou
25%
Tin
25%
Treli
25%
Ya
25%
Ya
25%
Ya
25%
Zoi
25%
Anapsi
0%
No matching quizzes found
Score Distribution
Percent of People with Each Score
Percentile by Number Answered
Your Score History
You have not taken this quiz